000
00302 a2200145 4500
001
195443
040
_c
Magnum
100
_a
Almeida, Zelia
240
1
0
_a
Quando o vento sopra
_l
por
245
1
0
_a
Quando o vento sopra
300
_a
24
362
0
_a
1987
697
_a
MAGNITO: INFANTIL
942
_c
BK
999
_c
195443
_d
195443